|
|
|
|
| LEADER |
01127nam a2200253 a 4500 |
| 001 |
16950 |
| 003 |
BD-DhAAL |
| 008 |
100506r20072004ii b i000 0 eng d |
| 020 |
|
|
|a 8123910878
|
| 040 |
|
|
|a VVUT
|b eng
|c VVUT
|d BD-DhAAL
|
| 082 |
0 |
4 |
|a 660.62
|
| 245 |
1 |
0 |
|a Microbiology and biotechnology for sustainable development /
|c P.C. Jain, editor.
|
| 260 |
|
|
|a New Delhi :
|b CBS Publishers & Distributors,
|c 2004 [reprinted 2007].
|
| 300 |
|
|
|a xi, 372 p. :
|c 25 cm
|
| 504 |
|
|
|a Includes bibliographical references.
|
| 526 |
|
|
|a MNS
|x Professor Naiyyum Choudhury
Department of Mathematics and Natural Sciences
BRAC University
|
| 541 |
1 |
|
|e 00016950
|a Essence Science Publications
|
| 650 |
|
0 |
|a Biotechnology.
|
| 650 |
|
0 |
|a Industrial microbiology.
|9 44054
|
| 700 |
1 |
|
|a Jain, P. C
|9 57831
|
| 852 |
4 |
|
|a Ayesha Abed Library
|c General Stacks
|
| 942 |
|
|
|2 ddc
|c BK
|
| 999 |
|
|
|c 8445
|d 8445
|
| 952 |
|
|
|0 0
|1 0
|2 ddc
|4 0
|6 660_620000000000000_MIC_2007
|7 0
|9 9924
|a BRACUL
|b BRACUL
|c GEN
|d 2010-05-09
|e Essence Science Publications
|g 2046.00
|l 2
|m 23
|o 660.62 MIC
|p 3010016950
|r 2025-08-31
|s 2025-02-18
|t 1
|w 2010-05-09
|y BK
|x Requisitioned by Professor Naiyyum Choudhury.
|